| 000 | 01192cam a22002054a 4500 | ||
|---|---|---|---|
| 005 | 20250605163954.0 | ||
| 008 | 250528s ||||||||||||||||||||||||d | ||
| 035 | _a15420 | ||
| 020 | _a6919168 | ||
| 040 |
_aGR-AtMCL _bgre _dGR-AtMCL _eAACR2 |
||
| 245 | 1 | _aManagement Information Systems / A Framework for Planning and Development | |
| 260 |
_bPrentice Hall Inc, _c1969 |
||
| 300 | _a222 | ||
| 505 | 0 | _aIntroduction, A Information-Systems Perspective on the Corporation, The Systems Taxonomy of an Industrial Corporation, A Framework for Systems Development, Plans and Projects, Organizing for Systems Development, The Economics of a Common System - A Feasibility Study, Technical Strategies, The Management of Change, Bibliography, Index. | |
| 520 | _aIntroduction, A Information-Systems Perspective on the Corporation, The Systems Taxonomy of an Industrial Corporation, A Framework for Systems Development, Plans and Projects, Organizing for Systems Development, The Economics of a Common System - A Feasibility Study, Technical Strategies, The Management of Change, Bibliography, Index. | ||
| 700 | 1 |
_aBlumenthal Sherman C. _91344 |
|
| 942 | _cBK | ||
| 999 |
_c1002 _d1002 |
||